| 000 | 00335nam a22001457a 4500 | ||
|---|---|---|---|
| 003 | SGT | ||
| 082 |
_a617.643 _bB21S |
||
| 100 | _aSuman | ||
| 245 | _aBioprogressive therapy historical.... | ||
| 260 |
_aGurugram, Haryana _bSGT University _c2021 |
||
| 300 | _a180 | ||
| 650 | _aOrthodontics | ||
| 653 | _aOrthodontics | ||
| 942 |
_2ddc _cTH |
||
| 999 |
_c23617 _d23617 |
||